000 00954cam a22002653a 4500
001 4060
003 PGUSA
005 20140828083048.0
008 030501s2003||||xxu|||||s|||||000 p eng d
040 _aPGUSA
_beng
042 _adc
050 4 _aNX
100 1 _aPater, Walter,
_d1839-1894
245 1 4 _aThe Renaissance :
_bstudies in art and poetry
_h[electronic resource] /
_cWalter Pater
260 _bProject Gutenberg,
_c2003
505 0 _aPreface -- Two early French stories -- Pico della Mirandola -- Sandro Botticelli -- Luca della Robbia -- The poetry of Michelangelo -- Leonardo da Vinci -- The school of Giorgione -- Joachim du Bellay -- Winckelmann -- Conclusion.
506 _aPublic domain in the USA.
516 _aElectronic text
653 _aRenaissance
653 _aArts, Renaissance
653 _aRenaissance -- Italy
830 0 _aProject Gutenberg
_v4060
856 4 0 _uhttp://www.gutenberg.org/ebooks/4060
942 _cEB
999 _c233389
_d233389